000 00997nam a22002297a 4500
003 NALT
005 20260212111403.0
008 th tha d
020 _a9786162602429
040 _aNALT
041 _atha
090 _aKE 71
_bค125ร
110 2 _aคณะวิชาการ The Justice Group
_930086
245 1 0 _aรวมกฎหมายคดีปกครองและระเบียบสำนักนายกรัฐมนตรี /
_cคณะวิชาการ The Justice Group.
260 _aกรุงเทพฯ :
_bพิมพ์อักษร,
_cม.ป.ป..
300 _a437 หน้า ;
_b
_c21 ซม.
650 4 _aวิธีพิจารณาคดีปกครอง
_918024
650 0 4 _aกฎหมายปกครอง
_91608
850 _aNALT
942 _cLB
_2local
998 _bปรียานุช คลอวุฒิวัฒน์
_bphon
_j111
_k นางสาวพจพิณ พรมเอี่ยม
999 _c77337
_d77337